Contribution à l'amélioration de la gestion des intrants agricole au Bénin: cas du coton (Record no. 48813)

MARC details
000 -LEADER
fixed length control field 00799nam a22002657a 4500
003 - CONTROL NUMBER IDENTIFIER
control field 0
005 - DATE AND TIME OF LATEST TRANSACTION
control field 20160609170348.0
008 - FIXED-LENGTH DATA ELEMENTS--GENERAL INFORMATION
fixed length control field 110103t xxu||||| |||| 00| 0 eng d
037 ## - SOURCE OF ACQUISITION
Stock number R16412
Source of stock number/acquisition BIBLIO
040 ## - SOURCE DU CATALOGAGE
Original cataloging agency EPAC
Language of cataloging F
Transcribing agency BIBLIO
082 ## - DEWEY DECIMAL CLASSIFICATION NUMBER
Classification number 26.APE/DJO
100 ## - VEDETTE PRINCIPALE - NOM DE PERSONNE
Personal name Raymond Paul DJOSSOU- AGBOADANNON
9 (RLIN) 13444
245 ## - TITLE STATEMENT
Title Contribution à l'amélioration de la gestion des intrants agricole au Bénin: cas du coton
250 ## - EDITION STATEMENT
Edition statement CAP
260 ## - PUBLICATION, DISTRIBUTION, ETC. (IMPRINT)
Place of publication, distribution, etc EPAC
Name of publisher, distributor, etc BIBLIO
Date of publication, distribution, etc 2005-2006
300 ## - PHYSICAL DESCRIPTION
Extent 34p
Other physical details Ill. en coul.
Dimensions 30cm
440 ## - SERIES STATEMENT/ADDED ENTRY--TITLE
Number of part/section of a work 3 parties
9 (RLIN) 13445
500 ## - GENERAL NOTE
General note Liste des abréviations et sigles; bibliographie; annexe
650 ## - SUBJECT ADDED ENTRY--TOPICAL TERM
Topical term or geographic name as entry element COTON
9 (RLIN) 13446
650 ## - SUBJECT ADDED ENTRY--TOPICAL TERM
Topical term or geographic name as entry element INTRANT
9 (RLIN) 13447
650 ## - SUBJECT ADDED ENTRY--TOPICAL TERM
Topical term or geographic name as entry element AMELIORATION
9 (RLIN) 13448
650 ## - SUBJECT ADDED ENTRY--TOPICAL TERM
Topical term or geographic name as entry element GESTION
9 (RLIN) 13449
700 ## - ADDED ENTRY--PERSONAL NAME
Personal name David AZOCLI
9 (RLIN) 13450
942 ## - ADDED ENTRY ELEMENTS (KOHA)
Koha item type Thèse et Memoire
Holdings
Withdrawn status Lost status Damaged status Not for loan Location (home branch) Sublocation or collection (holding branch) Date acquired Source of acquisition Koha issues (times borrowed) Koha full call number Piece designation (barcode) Koha date last seen Copy number Price effective from Koha item type Public note
        Bibliothèque Ecole Polytechnique d'Abomey-Calavi Bibliothèque Ecole Polytechnique d'Abomey-Calavi 03/01/2011 CAP   26.APE/DJO 16412EPAC 03/01/2011 3 03/01/2011 Thèse et Memoire Prêt à domicile


© 2008, Bibliothèques de l'Université d'Abomey-Calavi

04 BP 789 Cotonou, Tél. : +229 21 36 01 01, Fax : +229 21 35 06 32

Courriel : bu@bu.uac.bj